Wings over the Mahanadi : (Record no. 147701)

MARC details
000 -LEADER
fixed length control field 00570nam a22001817a 4500
005 - DATE AND TIME OF LATEST TRANSACTION
control field 20171128105257.0
010 ## - LCCN (DPL NO)
LC control number ENG-121580
020 ## - INTERNATIONAL STANDARD BOOK NUMBER
International Standard Book Number 9789382749042
Terms of availability 250.00
035 ## - SYSTEM CONTROL NUMBER
System control number EN-105112
037 ## - SOURCE OF ACQUISITION
Source of stock number/acquisition DBAD/PUB
082 ## - DEWEY DECIMAL CLASSIFICATION NUMBER
Classification number 881
245 ## - TITLE STATEMENT
Title Wings over the Mahanadi :
Statement of responsibility, etc conceived by Manu Dash
Remainder of title eight Odia - english poets /
260 ## - PUBLICATION, DISTRIBUTION, ETC. (IMPRINT)
Place of publication, distribution, etc Mumbai
Name of publisher, distributor, etc Poetrywala
Date of publication, distribution, etc 2014
270 ## - ADDRESS
Address 1701/1702, 6A Whispering Palms, Lokhandwala Township, Kandivali
City Mumbai
Postal code 400101
300 ## - PHYSICAL DESCRIPTION
Extent 89p,
Dimensions 22cm(pbk)
700 ## - ADDED ENTRY--PERSONAL NAME
Personal name Dash, Manu
942 ## - ADDED ENTRY ELEMENTS (KOHA)
Source of classification or shelving scheme Dewey Decimal Classification
Item type English Books
Classification part 881
Call number suffix WIN
Holdings
Withdrawn status Lost status Not for loan Collection code Home library Current library Date acquired Source of acquisition Cost, normal purchase price Full call number Barcode Copy number Cost, replacement price Koha item type
      Non-fiction Patel Nagar Patel Nagar 23/11/2017 DBAD/PUB 250.00 881 WIN EN-105112 1 250.00 English Books

© Delhi Public Library
Hit Counter
free hit counter